000 00251nam a22001097a 4500
003 OSt
008 220826b |||||||| |||| 00| 0 eng d
082 _a631.587
_bLUT/DR
100 _aLuthin, James N.
_95247
245 _aDrainage engineering
942 _cBK
999 _c17549
_d17549